000 00289pam a2200121 a 4500
020 _c
041 _h
100 _aRanjit R.J . Daniels .
245 _aAmphibians of Peninsular India
_hTextual Documents
260 _a[s.l]:
_bUniversity press in India
300 _a267.
930 _a2201
999 _c248052
_d248052